[Event "HUN-chT2 Erkel 1819"]
[Site "Hungary"]
[Date "2019.03.31"]
[Round "8.9"]
[White "Banhazi, Istvan"]
[Black "Szlabey, Geza"]
[Result "1-0"]
[WhiteElo "2024"]
[BlackElo "1876"]
[PlyCount "123"]
[EventDate "2018.10.28"]
[EventType "team-tourn"]
[EventRounds "9"]
[EventCountry "HUN"]
[SourceTitle "EXT 2021"]
[Source "ChessBase"]
[SourceDate "2020.10.23"]
[SourceVersion "1"]
[SourceVersionDate "2020.10.23"]
[SourceQuality "1"]
[WhiteTeam "Varosgazda Akademia"]
[BlackTeam "Fot"]
[WhiteTeamCountry "HUN"]
[BlackTeamCountry "HUN"]

1. d4 d5 2. c4 e6 3. Nc3 f5 4. cxd5 exd5 5. Bf4 c6 6. Nf3 Nf6 7. Qc2 Bd6 8. Bxd6 Qxd6 9. e3 0-0 10. Bd3 Ne4 11. Ne5 Qf6 12. 0-0-0 Nd7 13. f4 Nd6 14. g4 Nb6 15. b3 Be6 16. g5 Qe7 17. Kb2 Rac8 18. Ne2 c5 19. dxc5 Rxc5 20. Qd2 Ne4 21. Bxe4 dxe4 22. Qd6 Qxd6 23. Rxd6 Re8 24. Nc3 Nd5 25. Nxd5 Rxd5 26. Rxd5 Bxd5 27. Rd1 Be6 28. Rd6 Kf8 29. Rd4 Ke7 30. a3 Rc8 31. Rd2 Rc5 32. Rd4 a5 33. b4 axb4 34. axb4 Rc8 35. Rd1 Ra8 36. Ra1 Rd8 37. Ra7 Bd5 38. Ra1 Ke6 39. Rc1 Kd6 40. Rd1 Kc7 41. Kc3 Kb6 42. Nc4+ Kb5 43. Na3+ Kc6 44. Nc4 Kb5 45. Na3+ Kb6 46. Nc4+ Kc7 47. b5 Rd7 48. b6+ Kc8 49. Ne5 Rd8 50. Kb4 Be6 51. Rxd8+ Kxd8 52. Kc5 Ke7 53. Nc6+ Kd7 54. Na5 Kc8 55. Kd6 Ba2 56. Ke5 g6 57. Kf6 Bd5 58. Kg7 Kd8 59. Kxh7 Ke8 60. Kg7 Ke7 61. Kxg6 Kd6 62. h4 1-0

[Event "HUN-chT2 Erkel 1819"]
[Site "Hungary"]
[Date "2019.02.24"]
[Round "6.8"]
[White "Szlabey, Geza"]
[Black "Palczert, Botond"]
[Result "0-1"]
[WhiteElo "1876"]
[BlackElo "1944"]
[PlyCount "116"]
[EventDate "2018.10.28"]
[EventType "team-tourn"]
[EventRounds "9"]
[EventCountry "HUN"]
[SourceTitle "EXT 2021"]
[Source "ChessBase"]
[SourceDate "2020.10.23"]
[SourceVersion "1"]
[SourceVersionDate "2020.10.23"]
[SourceQuality "1"]
[WhiteTeam "Fot"]
[BlackTeam "Budapest EAC"]
[WhiteTeamCountry "HUN"]
[BlackTeamCountry "HUN"]

1. e4 c5 2. Nf3 Nc6 3. c3 d5 4. exd5 Qxd5 5. Na3 a6 6. Bc4 Qd8 7. 0-0 e6 8. Bb3 Be7 9. Nc2 Nf6 10. d4 0-0 11. Be3 cxd4 12. Nfxd4 Qc7 13. Nxc6 Qxc6 14. Nd4 Qe4 15. Re1 Qh4 16. Nf3 Qh5 17. Bf4 Rd8 18. Qc2 Qa5 19. Ne5 Nd5 20. Bg3 Bf6 21. Rad1 Bd7 22. Nc4 Qc5 23. Bd6 Qc6 24. Bg3 Be8 25. Qe2 b5 26. Ne5 Qb6 27. Ng4 Bg5 28. Bxd5 exd5 29. Rxd5 h6 30. Rxd8 Rxd8 31. h4 Bf6 32. Nxf6+ Qxf6 33. Qg4 Bd7 34. Qb4 Be6 35. h5 Qf5 36. Bh4 Rd2 37. c4 Rd4 38. Qe7 Rxc4 39. Bg3 Qxh5 40. Qd8+ Kh7 41. Qd3+ Bf5 42. Qe3 Rc2 43. Be5 Rc4 44. Bg3 Qg6 45. Rc1 Re4 46. Qc3 Re2 47. Re1 Rc2 48. Qb4 Be6 49. a3 Rc4 50. Qd2 Rg4 51. Qd6 h5 52. Qc6 h4 53. Be5 Qd3 54. Qc3 Qd5 55. f3 Rg6 56. Qd4 h3 57. Qh4+ Kg8 58. g4 Rxg4+ 0-1

[Event "HUN-chT2 Erkel 1415"]
[Site "Hungary"]
[Date "2015.03.22"]
[Round "8.10"]
[White "Tallos, Emil"]
[Black "Szlabey, Geza"]
[Result "0-1"]
[WhiteElo "1847"]
[BlackElo "1906"]
[PlyCount "62"]
[EventDate "2014.09.28"]
[EventType "team-tourn"]
[EventRounds "9"]
[EventCountry "HUN"]
[SourceTitle "EXT 2016"]
[Source "ChessBase"]
[SourceDate "2015.10.08"]
[SourceVersion "1"]
[SourceVersionDate "2015.10.08"]
[SourceQuality "1"]
[WhiteTeam "GBSE"]
[BlackTeam "Fot"]
[WhiteTeamCountry "HUN"]
[BlackTeamCountry "HUN"]

1. c4 f5 2. Nf3 Nf6 3. Nc3 e6 4. g3 d5 5. d4 c6 6. cxd5 exd5 7. Bg2 Bd6 8. Ne5 Nbd7 9. Nd3 Nf8 10. Bf4 Ne6 11. Bxd6 Qxd6 12. 0-0 0-0 13. e3 g5 14. f4 Ng4 15. Qd2 Bd7 16. h3 Nh6 17. Ne5 Rae8 18. a3 Re7 19. Ne2 Nf7 20. Qb4 Qxb4 21. axb4 a6 22. Nc3 gxf4 23. gxf4 Nxe5 24. fxe5 f4 25. Ne2 fxe3 26. Rxf8+ Kxf8 27. Rf1+ Rf7 28. Kh2 Rxf1 29. Bxf1 Be8 30. Kg2 Bh5 31. Ng3 Nf4+ 0-1

[Event "HUN-chT2 Erkel 1213"]
[Site "Hungary"]
[Date "2013.04.21"]
[Round "11.10"]
[White "Szlabey, Geza"]
[Black "Somogyi, Gabor"]
[Result "1/2-1/2"]
[WhiteElo "1923"]
[BlackElo "1917"]
[PlyCount "128"]
[EventDate "2012.09.16"]
[EventType "team-tourn"]
[EventRounds "11"]
[EventCountry "HUN"]
[SourceTitle "EXT 2014"]
[Source "ChessBase"]
[SourceDate "2013.11.20"]
[SourceVersion "1"]
[SourceVersionDate "2013.11.20"]
[SourceQuality "1"]
[WhiteTeam "Foti"]
[BlackTeam "Dunaharaszti"]
[WhiteTeamCountry "HUN"]
[BlackTeamCountry "HUN"]

1. e4 c5 2. Nf3 e6 3. c3 d5 4. Bb5+ Nc6 5. Ne5 Bd7 6. Nxd7 Qxd7 7. e5 a6 8. Bxc6 Qxc6 9. 0-0 Ne7 10. d3 Qc7 11. Qe2 Nc6 12. f4 Be7 13. Nd2 0-0 14. Nf3 Rae8 15. Be3 b6 16. Rac1 f6 17. d4 c4 18. b4 b5 19. a4 bxa4 20. Ra1 a5 21. b5 Na7 22. Rfb1 Rb8 23. Rxa4 Rxb5 24. Rxb5 Nxb5 25. Bd2 f5 26. Qd1 Ra8 27. Qa1 Ra6 28. Ne1 Na7 29. Nc2 Nc6 30. Nb4 Ra7 31. Nxc6 Qxc6 32. Rxa5 Rxa5 33. Qxa5 Qb7 34. Qa1 Qb3 35. Qe1 Ba3 36. Kf2 Qc2 37. Qe2 Bb2 38. Be1 Qb3 39. Qd2 Kf7 40. Ke2 Ba3 41. Qd1 Ke7 42. Kd2 Kd7 43. Qc2 Kc6 44. Bh4 Kb5 45. Bd8 Ka4 46. Bc7 Be7 47. Qc1 Qa2+ 48. Qc2+ Qb3 49. Qc1 Kb5 50. Qa1 Ba3 51. Qd1 Kc6 52. Bd8 Kb5 53. Bc7 Kc6 54. Bd8 Kb5 55. Qc2 Kc6 56. Bh4 Kb5 57. h3 Ka4 58. Bd8 Kb5 59. Bc7 Kc6 60. Bd8 Kb5 61. Bh4 Ka4 62. Be1 Bb2 63. Bh4 Ba3 64. Bd8 Kb5 1/2-1/2

[Event "HUN-chT2 Erkel 1112"]
[Site "Hungary"]
[Date "2012.02.19"]
[Round "6.10"]
[White "Lakat, Gyula"]
[Black "Szlabey, Geza"]
[Result "1/2-1/2"]
[WhiteElo "1859"]
[BlackElo "1955"]
[PlyCount "131"]
[EventDate "2011.09.25"]
[EventType "team-tourn"]
[EventRounds "11"]
[EventCountry "HUN"]
[SourceTitle "EXT 2013"]
[Source "ChessBase"]
[SourceDate "2012.11.22"]
[SourceVersion "1"]
[SourceVersionDate "2012.11.22"]
[SourceQuality "1"]
[WhiteTeam "Honved II"]
[BlackTeam "Foti"]
[WhiteTeamCountry "HUN"]
[BlackTeamCountry "HUN"]

1. d4 d5 2. c4 e6 3. Nf3 c6 4. g3 f5 5. Bg2 Bb4+ 6. Bd2 Bd6 7. Qc2 Nf6 8. c5 Bc7 9. Ne5 0-0 10. f4 Bd7 11. Nc3 Be8 12. b4 Nbd7 13. a4 Ne4 14. b5 Ndf6 15. 0-0 Nxc3 16. Bxc3 cxb5 17. axb5 Bxb5 18. Rfb1 a6 19. Qd2 Rc8 20. Bb4 Re8 21. h3 Ne4 22. Bxe4 dxe4 23. e3 Qd5 24. Rc1 b6 25. cxb6 Bxb6 26. Ba5 Ba7 27. Rxc8 Rxc8 28. Rc1 Re8 29. g4 Bb8 30. Rc5 Qb7 31. Kh2 Bd6 32. Rc1 Bxe5 33. fxe5 Qf7 34. Rc7 Qg6 35. Qg2 fxg4 36. Qxg4 Qxg4 37. hxg4 h6 38. Bb4 Kh7 39. Kg3 Kg6 40. Kf4 Bd3 41. Rc6 Kf7 42. Rc7+ Kg8 43. g5 Kh7 44. gxh6 Kxh6 45. Be7 Kg6 46. d5 exd5 47. e6 Rxe7 48. Rxe7 Kf6 49. Rf7+ Kxe6 50. Rxg7 Kd6 51. Ra7 Kc5 52. Ke5 Kb6 53. Ra8 Bc4 54. Kd4 a5 55. Rb8+ Kc6 56. Rc8+ Kb5 57. Rb8+ Kc6 58. Rc8+ Kb7 59. Rh8 a4 60. Rh6 a3 61. Kc3 a2 62. Kb2 Kc7 63. Rf6 Kd7 64. Rh6 d4 65. exd4 Be6 66. Rh4 1/2-1/2

[Event "HUN-chT2 Erkel 1112"]
[Site "Hungary"]
[Date "2011.11.27"]
[Round "4.10"]
[White "Kormos, Jozsef"]
[Black "Szlabey, Geza"]
[Result "1-0"]
[WhiteElo "1892"]
[BlackElo "1955"]
[PlyCount "77"]
[EventDate "2011.09.25"]
[EventType "team-tourn"]
[EventRounds "11"]
[EventCountry "HUN"]
[SourceTitle "EXT 2013"]
[Source "ChessBase"]
[SourceDate "2012.11.22"]
[SourceVersion "1"]
[SourceVersionDate "2012.11.22"]
[SourceQuality "1"]
[WhiteTeam "Paszto"]
[BlackTeam "Foti"]
[WhiteTeamCountry "HUN"]
[BlackTeamCountry "HUN"]

1. e4 e5 2. Nf3 Nc6 3. Bb5 a6 4. Ba4 Nf6 5. 0-0 b5 6. Bb3 Be7 7. Re1 0-0 8. c3 d6 9. h3 Na5 10. Bc2 c5 11. d4 Qc7 12. b4 cxb4 13. cxb4 Nc6 14. a3 Bb7 15. Bb2 Rac8 16. Nc3 Nxd4 17. Nxd4 exd4 18. Qxd4 Ne8 19. Qd3 g6 20. Bb3 Bf6 21. Rac1 Qd7 22. e5 Bg5 23. e6 Qc7 24. exf7+ Rxf7 25. Bxf7+ Qxf7 26. Rc2 d5 27. Bc1 Bd8 28. Be3 Nd6 29. Rce2 Nf5 30. Bc5 Bc6 31. Rd1 Bg5 32. Rde1 Bf6 33. a4 Nh4 34. f4 Bxc3 35. Re7 Qxf4 36. Rf1 Qc4 37. Qe3 Bg7 38. Qe6+ Kh8 39. Qxc8+ 1-0

[Event "HUN-chT2 Erkel 1112"]
[Site "Hungary"]
[Date "2011.11.13"]
[Round "3.11"]
[White "Laza, Szabolcs"]
[Black "Szlabey, Geza"]
[Result "0-1"]
[WhiteElo "1853"]
[BlackElo "1955"]
[PlyCount "128"]
[EventDate "2011.09.25"]
[EventType "team-tourn"]
[EventRounds "11"]
[EventCountry "HUN"]
[SourceTitle "EXT 2013"]
[Source "ChessBase"]
[SourceDate "2012.11.22"]
[SourceVersion "1"]
[SourceVersionDate "2012.11.22"]
[SourceQuality "1"]
[WhiteTeam "Sarkany"]
[BlackTeam "Foti"]
[WhiteTeamCountry "HUN"]
[BlackTeamCountry "HUN"]

1. d4 d5 2. c4 e6 3. Nc3 f5 4. Nf3 Nf6 5. g3 c6 6. Bg2 Bd6 7. 0-0 0-0 8. c5 Bc7 9. b4 Qe8 10. Qc2 a5 11. Rb1 axb4 12. Rxb4 Na6 13. Rb2 e5 14. dxe5 Ng4 15. Bf4 Nxe5 16. Nxe5 Bxe5 17. Bxe5 Qxe5 18. Na4 f4 19. Nb6 Bf5 20. Qd2 Rae8 21. gxf4 Qe7 22. Nxd5 cxd5 23. Bxd5+ Kh8 24. Rxb7 Qxc5 25. Qb2 Rf6 26. Bf3 Qd6 27. Qb5 Rc8 28. Qe5 Qxe5 29. fxe5 Rg6+ 30. Kh1 Nc5 31. Rb2 Re6 32. Rc1 Rxe5 33. Rb5 Kg8 34. Bb7 Rc7 35. Bf3 Kf7 36. a4 Kf6 37. Rb6+ Re6 38. a5 Na6 39. Rxc7 Nxc7 40. Kg1 Ke5 41. Bb7 Be4 42. Rxe6+ Nxe6 43. a6 Nc7 44. Bc8 Kd4 45. Bb7 Bxb7 46. axb7 Na6 47. Kg2 Kc5 48. Kf3 Kc6 49. Ke4 Kd6 50. Kf5 Nb8 51. e4 Nc6 52. h4 Ne7+ 53. Kg5 Kc7 54. f4 Kxb7 55. f5 h6+ 56. Kf4 Kc6 57. e5 Nd5+ 58. Kg4 Kd7 59. Kh5 Nf4+ 60. Kg4 Nd3 61. f6 g6 62. h5 Nxe5+ 63. Kf4 Ke6 64. f7 g5+ 0-1

[Event "Lakitelek Magyarok op"]
[Site "Lakitelek"]
[Date "2011.08.13"]
[Round "8"]
[White "Varadi, Laszlo"]
[Black "Szlabey, Geza"]
[Result "1/2-1/2"]
[WhiteElo "2149"]
[BlackElo "1918"]
[PlyCount "120"]
[EventDate "2011.08.06"]
[EventType "swiss"]
[EventRounds "9"]
[EventCountry "HUN"]
[SourceTitle "CBM 144 Extra"]
[Source "ChessBase"]
[SourceDate "2011.10.28"]
[SourceVersion "1"]
[SourceVersionDate "2011.10.28"]
[SourceQuality "1"]

1. e4 e5 2. Nf3 Nc6 3. Bc4 Be7 4. 0-0 Nf6 5. d3 0-0 6. c3 d6 7. h3 Na5 8. Bb5 a6 9. Ba4 c5 10. Be3 c4 11. Bc2 b5 12. d4 Qc7 13. Nbd2 Ne8 14. Nh2 Nc6 15. d5 Nd8 16. f4 exf4 17. Bxf4 f6 18. Ng4 Nf7 19. Kh1 Ne5 20. Qe2 Nxg4 21. hxg4 Qd7 22. Bd1 g6 23. b3 Ng7 24. bxc4 bxc4 25. Nxc4 Rb8 26. a4 f5 27. gxf5 gxf5 28. Bc2 Bb7 29. Bh6 Rf6 30. Bxg7 Kxg7 31. Rxf5 Rxf5 32. exf5 Bxd5 33. Ne3 Bf7 34. Qd3 Bf6 35. Ng4 Qe7 36. Qh3 h5 37. Nxf6 Qxf6 38. Rd1 Qe5 39. Qh4 Re8 40. Qg5+ Kf8 41. Qh6+ Ke7 42. a5 Rd8 43. Ba4 Qg3 44. f6+ Ke6 45. Qd2 Kxf6 46. Rf1+ Kg7 47. Rf3 Qh4+ 48. Kg1 Rb8 49. Bc2 Re8 50. g3 Qe7 51. Qd3 Qe1+ 52. Rf1 Qe3+ 53. Rf2 Qxd3 54. Bxd3 Re3 55. Rd2 Rxg3+ 56. Rg2 Rxg2+ 57. Kxg2 Bd5+ 58. Kg3 Bb7 59. Kh4 Kf6 60. Kxh5 Ke5 1/2-1/2

[Event "Lakitelek Magyarok op"]
[Site "Lakitelek"]
[Date "2011.08.09"]
[Round "5"]
[White "Szlabey, Geza"]
[Black "Darazs, Zoltan"]
[Result "0-1"]
[WhiteElo "1918"]
[BlackElo "2133"]
[PlyCount "78"]
[EventDate "2011.08.06"]
[EventType "swiss"]
[EventRounds "9"]
[EventCountry "HUN"]
[SourceTitle "CBM 144 Extra"]
[Source "ChessBase"]
[SourceDate "2011.10.28"]
[SourceVersion "1"]
[SourceVersionDate "2011.10.28"]
[SourceQuality "1"]

1. e4 e5 2. Nf3 Nc6 3. Bb5 a6 4. Ba4 Nf6 5. 0-0 Be7 6. Re1 b5 7. Bb3 0-0 8. c3 d5 9. exd5 Nxd5 10. Nxe5 Nxe5 11. Rxe5 c6 12. d4 Bd6 13. Re1 Qh4 14. g3 Qh3 15. Qe2 Bg4 16. Qf1 Qh5 17. Be3 Rae8 18. Bxd5 cxd5 19. Nd2 f5 20. f4 g5 21. Qg2 Re4 22. Nxe4 fxe4 23. Rf1 Bf3 24. Rxf3 exf3 25. g4 gxf4 26. gxh5+ fxg2 27. Bf2 f3 28. Re1 Rf5 29. Re6 Bf4 30. h4 Kf7 31. Rxa6 Rxh5 32. a4 bxa4 33. Rxa4 Bg5 34. c4 Bxh4 35. Ra3 Bxf2+ 36. Kxf2 Rf5 37. c5 h5 38. Re3 h4 39. c6 h3 0-1

[Event "Lakitelek Magyarok op"]
[Site "Lakitelek"]
[Date "2011.08.08"]
[Round "3"]
[White "Szlabey, Geza"]
[Black "Jakab, Zsolt"]
[Result "1-0"]
[WhiteElo "1918"]
[BlackElo "1714"]
[PlyCount "103"]
[EventDate "2011.08.06"]
[EventType "swiss"]
[EventRounds "9"]
[EventCountry "HUN"]
[SourceTitle "CBM 144 Extra"]
[Source "ChessBase"]
[SourceDate "2011.10.28"]
[SourceVersion "1"]
[SourceVersionDate "2011.10.28"]
[SourceQuality "1"]

1. e4 c5 2. Nf3 Nc6 3. Bb5 Nf6 4. d3 d6 5. 0-0 Bd7 6. c3 e5 7. Na3 Be7 8. Bc4 a6 9. Nc2 0-0 10. a4 Na5 11. Ne3 Nxc4 12. Nxc4 Bc6 13. a5 Qc7 14. Nb6 Rad8 15. c4 Nd7 16. Nd5 Bxd5 17. exd5 h6 18. Nd2 Bg5 19. g3 f5 20. h4 Be7 21. Qh5 Qc8 22. f4 Nf6 23. Qe2 Ng4 24. Nf3 Bf6 25. Nh2 h5 26. Nxg4 fxg4 27. f5 Rde8 28. Qe4 Qd8 29. Bd2 b6 30. b4 cxb4 31. Bxb4 bxa5 32. Bxa5 Qc8 33. Bb6 Bd8 34. Bxd8 Rxd8 35. f6 Qc5+ 36. Kg2 Qd4 37. Qxd4 exd4 38. fxg7 Rxf1 39. Kxf1 Ra8 40. Ke2 Kxg7 41. Kd2 a5 42. Kc2 a4 43. Kb2 Rb8+ 44. Ka3 Rb3+ 45. Kxa4 Rxd3 46. Kb5 Rxg3 47. Rd1 d3 48. Kc6 Rf3 49. Kxd6 g3 50. c5 g2 51. Rg1 d2 52. Rxg2+ 1-0

[Event "HUN-chT2 Erkel 1011"]
[Site "Hungary"]
[Date "2011.05.01"]
[Round "10.9"]
[White "Kalmar, Karoly"]
[Black "Szlabey, Geza"]
[Result "1-0"]
[WhiteElo "2018"]
[BlackElo "1979"]
[PlyCount "109"]
[EventDate "2010.09.12"]
[EventType "team-tourn"]
[EventRounds "11"]
[EventCountry "HUN"]
[SourceTitle "EXT 2012"]
[Source "ChessBase"]
[SourceDate "2011.11.24"]
[SourceVersion "1"]
[SourceVersionDate "2011.11.24"]
[SourceQuality "1"]
[WhiteTeam "Dunaharaszti II"]
[BlackTeam "Foti"]
[WhiteTeamCountry "HUN"]
[BlackTeamCountry "HUN"]

1. e4 e5 2. Nf3 Nc6 3. Be2 Nf6 4. d3 d5 5. Nbd2 Bc5 6. 0-0 0-0 7. c3 Bb6 8. Qc2 Qe7 9. b4 d4 10. b5 dxc3 11. bxc6 cxd2 12. Bxd2 bxc6 13. Qxc6 Bd7 14. Qc4 Rfe8 15. Bc3 Be6 16. Qb5 c6 17. Qb2 Rab8 18. Qc2 Bg4 19. Nxe5 Bxe2 20. Qxe2 Qc5 21. Nc4 Nd5 22. Bb2 Nf4 23. Qf3 Bc7 24. Rac1 Qg5 25. g3 Re6 26. Kh1 Nh3 27. Qg2 Rh6 28. Bc3 Qh5 29. Bd2 Rg6 30. d4 Bf4 31. Be3 Bxe3 32. fxe3 Ng5 33. e5 Qg4 34. Rf4 Qd7 35. h4 Ne6 36. Rf2 Nc7 37. Kh2 Nd5 38. e4 Nb6 39. Nxb6 axb6 40. d5 c5 41. Rf5 f6 42. e6 Qd6 43. e5 fxe5 44. Re1 Rf6 45. Rfxe5 Qe7 46. d6 Qxd6 47. Rd5 Qe7 48. Rd7 Qe8 49. Qd5 h6 50. e7+ Kh7 51. Rd8 Rxd8 52. exd8Q Rf2+ 53. Kh3 Qxe1 54. Qd3+ g6 55. Q3d7+ 1-0

[Event "Budapest Karacsonyi op 2nd"]
[Site "Budapest"]
[Date "2010.12.30"]
[Round "6"]
[White "Szlabey, Geza"]
[Black "Szatmari, David"]
[Result "1-0"]
[WhiteElo "1967"]
[BlackElo "1923"]
[PlyCount "67"]
[EventDate "2010.12.27"]
[EventType "swiss"]
[EventRounds "7"]
[EventCountry "HUN"]
[SourceTitle "EXT 2022"]
[Source "ChessBase"]
[SourceDate "2021.10.06"]
[SourceVersion "1"]
[SourceVersionDate "2021.10.06"]
[SourceQuality "1"]

1. e4 e5 2. Nf3 Nc6 3. Bb5 a6 4. Ba4 Nf6 5. 0-0 Be7 6. Re1 b5 7. Bb3 0-0 8. c3 d6 9. h3 Nb8 10. d4 Nbd7 11. Bc2 c5 12. d5 Nb6 13. Nbd2 a5 14. Nf1 Re8 15. b3 Nfd7 16. Ne3 c4 17. bxc4 bxc4 18. Ba3 Qc7 19. Ba4 Ba6 20. Bc6 Rab8 21. Rb1 Rec8 22. Re2 g6 23. Reb2 Bf8 24. Nd2 Bh6 25. Ng4 Bg7 26. g3 h5 27. Ne3 Bh6 28. Qe2 Nf6 29. Bxd6 Qxd6 30. Rxb6 Qc7 31. Rxa6 Rxb1+ 32. Nxb1 Nxe4 33. Nxc4 Nc5 34. Rxa5 1-0

[Event "Budapest Karacsonyi op 2nd"]
[Site "Budapest"]
[Date "2010.12.29"]
[Round "5"]
[White "Czibulka, Zoltan"]
[Black "Szlabey, Geza"]
[Result "0-1"]
[WhiteElo "2092"]
[BlackElo "1967"]
[PlyCount "94"]
[EventDate "2010.12.27"]
[EventType "swiss"]
[EventRounds "7"]
[EventCountry "HUN"]
[SourceTitle "EXT 2022"]
[Source "ChessBase"]
[SourceDate "2021.10.06"]
[SourceVersion "1"]
[SourceVersionDate "2021.10.06"]
[SourceQuality "1"]

1. Nf3 f5 2. c4 e6 3. b3 Be7 4. Bb2 Bf6 5. Qc2 d5 6. e3 c6 7. d4 Nh6 8. Bd3 0-0 9. Nbd2 Nd7 10. h4 g6 11. g3 Bg7 12. Ng5 Nf6 13. b4 Nhg4 14. Be2 h6 15. Nh3 Qe8 16. Qb3 Nh5 17. Nf4 Nxf4 18. exf4 Nf6 19. Nf3 Ne4 20. a4 b6 21. cxd5 exd5 22. Rc1 Be6 23. Ne5 Bxe5 24. dxe5 c5 25. Bb5 Qe7 26. bxc5 bxc5 27. Ba3 Qc7 28. Qc2 Rfc8 29. f3 Qa5+ 30. Kd1 a6 31. Bc4 dxc4 32. fxe4 fxe4 33. Ke2 Rd8 34. Qc3 Bg4+ 35. Kf2 Rd2+ 36. Kg1 Qxc3 37. Rxc3 Rb8 38. Rc1 Rb3 39. Bxc5 Rxg3+ 40. Kf1 e3 41. Re1 e2+ 42. Kf2 Rf3+ 43. Kg2 c3 44. e6 Rfd3 45. Kf2 c2 46. Be3 Rxe3 47. Kxe3 Rd1 0-1

[Event "Budapest Karacsonyi op 2nd"]
[Site "Budapest"]
[Date "2010.12.29"]
[Round "4"]
[White "Kantor, Gergely"]
[Black "Szlabey, Geza"]
[Result "1/2-1/2"]
[WhiteElo "2112"]
[BlackElo "1967"]
[PlyCount "100"]
[EventDate "2010.12.27"]
[EventType "swiss"]
[EventRounds "7"]
[EventCountry "HUN"]
[SourceTitle "EXT 2022"]
[Source "ChessBase"]
[SourceDate "2021.10.06"]
[SourceVersion "1"]
[SourceVersionDate "2021.10.06"]
[SourceQuality "1"]

1. d4 d5 2. c4 e6 3. Nc3 f5 4. Nf3 c6 5. Bf4 Nf6 6. e3 Be7 7. Bd3 0-0 8. Qc2 Ne4 9. g4 Bb4 10. gxf5 exf5 11. cxd5 cxd5 12. Ke2 Bxc3 13. bxc3 Nc6 14. Rhg1 Be6 15. Rg2 Rc8 16. Rag1 g6 17. Bxe4 fxe4 18. Ng5 Bf5 19. Qb2 Qd7 20. c4 dxc4 21. d5 c3 22. Qxc3 Qxd5 23. Rd1 Qb5+ 24. Ke1 Qb4 25. Qxb4 Nxb4 26. Bd6 Nd3+ 27. Rxd3 exd3 28. Bxf8 Rxf8 29. e4 Bd7 30. Rg3 Bb5 31. a4 Ba6 32. Ne6 Re8 33. Nc5 Re5 34. Nxa6 Rxe4+ 35. Kd2 bxa6 36. Rxd3 Rxa4 37. Rd8+ Kg7 38. Rd7+ Kh6 39. Rxa7 g5 40. Ke2 Kg6 41. Kf3 h5 42. h3 Rf4+ 43. Kg2 Rf6 44. Kg3 Kf5 45. h4 gxh4+ 46. Kxh4 Kf4 47. Kxh5 Rf5+ 48. Kg6 Rg5+ 49. Kf6 Rh5 50. Ke6 Rh6+ 1/2-1/2

[Event "Budapest Karacsonyi op 2nd"]
[Site "Budapest"]
[Date "2010.12.28"]
[Round "2"]
[White "Czegledi, Barna Jr"]
[Black "Szlabey, Geza"]
[Result "1/2-1/2"]
[WhiteElo "1769"]
[BlackElo "1967"]
[PlyCount "104"]
[EventDate "2010.12.27"]
[EventType "swiss"]
[EventRounds "7"]
[EventCountry "HUN"]
[SourceTitle "EXT 2022"]
[Source "ChessBase"]
[SourceDate "2021.10.06"]
[SourceVersion "1"]
[SourceVersionDate "2021.10.06"]
[SourceQuality "1"]

1. d4 d5 2. c4 e6 3. Nf3 f5 4. g3 c6 5. Bg2 Bb4+ 6. Bd2 Bd6 7. 0-0 Nf6 8. Qc2 0-0 9. Ne5 Bxe5 10. dxe5 Ng4 11. f4 dxc4 12. e3 Qd3 13. Qxd3 cxd3 14. h3 Nh6 15. Rd1 Rd8 16. Bf1 c5 17. Be1 Nc6 18. Rxd3 Rxd3 19. Bxd3 Nb4 20. Bxb4 cxb4 21. Nd2 Bd7 22. Rc1 Rc8 23. Rxc8+ Bxc8 24. Kf2 Kf8 25. Nb3 Nf7 26. Nd4 Nd8 27. Be2 Ke7 28. Bf3 b6 29. Ke1 Ba6 30. Nc6+ Nxc6 31. Bxc6 Bc4 32. b3 Bd3 33. Kd2 Bf1 34. h4 Kd8 35. Ke1 Ba6 36. Kd2 Kc7 37. Bf3 Bf1 38. Bh1 a5 39. Bf3 Bb5 40. Ke1 a4 41. Kd2 a3 42. e4 g6 43. Ke3 Bd7 44. Kd4 fxe4 45. Bxe4 Bb5 46. Bf3 h5 47. g4 Be8 48. gxh5 gxh5 49. Be4 Bb5 50. f5 exf5 51. Bxf5 Be2 52. Be6 Kc6 1/2-1/2

[Event "HUN-chT2 Erkel 1011"]
[Site "Hungary"]
[Date "2010.11.07"]
[Round "5.9"]
[White "Farkas, Richard"]
[Black "Szlabey, Geza"]
[Result "1-0"]
[WhiteElo "1960"]
[BlackElo "1979"]
[PlyCount "103"]
[EventDate "2010.09.12"]
[EventType "team-tourn"]
[EventRounds "11"]
[EventCountry "HUN"]
[SourceTitle "EXT 2012"]
[Source "ChessBase"]
[SourceDate "2011.11.24"]
[SourceVersion "1"]
[SourceVersionDate "2011.11.24"]
[SourceQuality "1"]
[WhiteTeam "Budapest MTK"]
[BlackTeam "Foti"]
[WhiteTeamCountry "HUN"]
[BlackTeamCountry "HUN"]

1. e4 e5 2. Nf3 Nc6 3. Bb5 a6 4. Bxc6 dxc6 5. 0-0 Qd6 6. d4 f6 7. dxe5 fxe5 8. Nbd2 Bg4 9. Nc4 Qxd1 10. Rxd1 Nf6 11. Ncxe5 Bc5 12. h3 Bxf3 13. gxf3 0-0 14. Nd3 Bb6 15. c4 Rad8 16. c5 Bxc5 17. e5 Nh5 18. Bg5 Rd5 19. Nxc5 Rxe5 20. Be3 Rxf3 21. Rd8+ Kf7 22. Rf8+ Kxf8 23. Nd7+ Ke8 24. Nxe5 Rf5 25. Nd3 Nf6 26. Re1 Kd8 27. Nc5 Nd5 28. Ne6+ Kd7 29. Bd4 b6 30. Bxg7 c5 31. Nf8+ Kc6 32. Re6+ Kb5 33. Re5 Rf7 34. Rxd5 Rxg7+ 35. Kf1 Rf7 36. Ne6 a5 37. Ng5 Rg7 38. Ne4 a4 39. Rd3 Kc4 40. Ke2 Re7 41. Ke3 b5 42. Rc3+ Kb4 43. a3+ Ka5 44. Rxc5 Kb6 45. Rc2 c5 46. f4 c4 47. f5 Kc6 48. f6 Re8 49. Rd2 Kc7 50. f7 Rf8 51. Ng5 Kc8 52. Rf2 1-0

[Event "HUN-ch Seniors"]
[Site "Ajka"]
[Date "2009.06.27"]
[Round "8"]
[White "Szlabey, Geza"]
[Black "Csizmadia, Lajos"]
[Result "1-0"]
[WhiteElo "2041"]
[BlackElo "1944"]
[PlyCount "63"]
[EventDate "2009.06.22"]
[EventType "swiss"]
[EventRounds "9"]
[EventCountry "HUN"]
[SourceTitle "EXT 2011"]
[Source "ChessBase"]
[SourceDate "2010.11.26"]
[SourceVersion "1"]
[SourceVersionDate "2010.11.26"]
[SourceQuality "1"]

1. e4 e6 2. d3 d5 3. Nd2 c5 4. g3 dxe4 5. dxe4 Nc6 6. Bg2 Nf6 7. Ne2 Be7 8. 0-0 0-0 9. h3 a6 10. a4 Rb8 11. f4 e5 12. Nc4 Qxd1 13. Rxd1 Nd4 14. Nxd4 exd4 15. f5 Nh5 16. Bf3 b5 17. Na5 Nxg3 18. Bf4 Bd7 19. Bxg3 Rbc8 20. Nb7 Rc6 21. e5 Rh6 22. Bg4 Bc6 23. Nd6 Rd8 24. c3 f6 25. cxd4 cxd4 26. axb5 axb5 27. Ra7 Kf8 28. Rc1 fxe5 29. Bxe5 Rhxd6 30. Bxd6 Rxd6 31. Rc7 Bd7 32. f6 1-0

[Event "HUN-ch Seniors"]
[Site "Ajka"]
[Date "2009.06.26"]
[Round "7"]
[White "Lengyel, Laszlo"]
[Black "Szlabey, Geza"]
[Result "1-0"]
[WhiteElo "2151"]
[BlackElo "2041"]
[PlyCount "107"]
[EventDate "2009.06.22"]
[EventType "swiss"]
[EventRounds "9"]
[EventCountry "HUN"]
[SourceTitle "EXT 2011"]
[Source "ChessBase"]
[SourceDate "2010.11.26"]
[SourceVersion "1"]
[SourceVersionDate "2010.11.26"]
[SourceQuality "1"]

1. c4 f5 2. Nf3 e6 3. Nc3 Nf6 4. d4 d5 5. Bg5 c6 6. Bxf6 Qxf6 7. e3 Bd6 8. Qb3 Nd7 9. g3 g5 10. h4 g4 11. Nd2 a6 12. a4 a5 13. Bg2 dxc4 14. Nxc4 Bb4 15. 0-0 0-0 16. Ne2 Kh8 17. Nf4 Qf7 18. Qc2 Ra6 19. Nd3 Qe7 20. Rac1 Bd6 21. b3 e5 22. dxe5 Bxe5 23. Ndxe5 Nxe5 24. Qc3 Re8 25. Rfd1 Kg7 26. Rd2 Qf6 27. Nxa5 Be6 28. Nxb7 Rb6 29. Nc5 Bd5 30. a5 Rb5 31. a6 Ra8 32. Rxd5 cxd5 33. Bxd5 Rxc5 34. Qxc5 Rxa6 35. Qc8 Rd6 36. Qa8 Qe7 37. Kg2 Rd8 38. Qb7 Rd7 39. Qb5 Qd6 40. Bb7 Rc7 41. Rxc7+ Qxc7 42. Bd5 Kf8 43. b4 Ke7 44. Qb7 Qxb7 45. Bxb7 Nc4 46. Bd5 Nb6 47. Bg8 h6 48. Kg1 Kd6 49. Kf1 Ke5 50. Ke2 Nd7 51. Kd2 Nf6 52. Bc4 Nd7 53. Kc3 Ke4 54. b5 1-0